| 000 | 01117nam a2200265Ia 4500 | ||
|---|---|---|---|
| 003 | OSt | ||
| 005 | 20210728171448.0 | ||
| 008 | 210310s2002 ck frl f000 0 spa d | ||
| 040 |
_aCO-JMCR _cCO-JMCR |
||
| 041 | 0 | _aspa | |
| 082 | 0 | 4 |
_a333.7 / _bI597d _223 |
| 110 | 2 |
_aInstituto Colombiano de Normas Técnicas y Certificación _92169 |
|
| 245 | 1 | 0 |
_aDirectrices para la auditoría de los sistemas de gestión de la calidad y/o ambiental / _cInstituto Colombiano de Normas Técnicas y Certificación |
| 260 |
_aBogotá : _bIcontec, _c2002 |
||
| 300 |
_a39 páginas ; _c30 cm. |
||
| 490 | 0 | _aNorma técnica colombiana | |
| 500 | _aNTC-ISO 19011 | ||
| 505 | 0 | _aObjetivo y campo de aplicación -- Referencias normativas -- Términos y definiciones -- Principios de auditoria -- Gestión de un programa de auditoria -- Actividades de auditoria -- Competencia y evaluación de los auditores | |
| 650 | 1 | 4 |
_aAuditoría _915810 |
| 650 | 2 | 4 |
_aAuditoría de la calidad _938861 |
| 650 | 2 | 4 |
_aAuditoría ambiental _912936 |
| 650 | 2 | 4 |
_aGestión de calidad _911770 |
| 650 | 2 | 4 |
_aGestión ambiental _96060 |
| 942 |
_2ddc _cBK |
||
| 999 |
_c7915 _d7915 |
||